00801 2200277 4500001002100000005001700021008004100038020001800079035002400097082001100121090001600132245012800148260002800276300003100304650003600335700002500371700002000396850001500416980001300431985000600444986001300450999001500463999001500478990001500493990001500508YOGYA-0209000000302420090227020605.0 ind  a979-553-044-7 0010-020900000003024 a378.16 a378.16bKem aKEMANA setelah lulus SLTA ?bpanduan masuk ke perguruan tinggicAndi Hakim Nasoetion ... [et al.] ; editor, Y.B. Sudarmanto aJakartabGrasindoc1991 aviii, 264 hlmbilusc24 cm aPerguruan tinggi - Syarat masuk aNASUTION, Andi Hakim aSUDARMANTO, Y.B aYOPDYOG[B] a06-01-06 a2 afwhrtrev a93P0036268 a93P0036269 a36269-P/93 a36268-P/93